2021 Films by Description - Statistics

General Stats
  • This quiz has been taken 24 times
  • The average score is 16 of 27
Answer Stats
Description Film % Correct
Natasha Romanoff confronts the darker parts of her ledger when a dangerous conspiracy with ties to her past arises. Black Widow
96%
Shang-Chi, the master of weaponry-based Kung Fu, is forced to confront his past after being drawn into the Ten Rings organization. Shang-Chi and the Legend of the Ten Rings
96%
With Spider-Man's identity now revealed, Peter asks Doctor Strange for help. When a spell goes wrong, dangerous foes from other worlds start to appear, forcing Peter to discover what it truly means to be Spider-Man. Spiderman: No Way Home
96%
The saga of the Eternals, a race of immortal beings who lived on Earth and shaped its history and civilizations. Eternals
91%
A live-action prequel feature film following a young Cruella de Vil. Cruella
83%
Supervillains Harley Quinn, Bloodsport, Peacemaker, and a collection of nutty cons at Belle Reve prison join the super-secret, super-shady Task Force X as they are dropped off at the remote, enemy-infused island of Corto Maltese. The Suicide Squad
78%
Eddie Brock attempts to reignite his career by interviewing serial killer Cletus Kasady, who becomes the host of the symbiote Carnage and escapes prison after a failed execution. Venom: Let There be Carnage
78%
The epic next chapter in the cinematic Monsterverse pits two of the greatest icons in motion picture history against each other--the fearsome Godzilla and the mighty Kong--with humanity caught in the balance. Godzilla vs Kong
74%
James Bond has left active service. His peace is short-lived when Felix Leiter, an old friend from the CIA, turns up asking for help, leading Bond onto the trail of a mysterious villain armed with dangerous new technology. No Time to Die
74%
An adaptation of the 1957 musical, West Side Story explores forbidden love and the rivalry between the Jets and the Sharks, two teenage street gangs of different ethnic backgrounds. West Side Story
65%
When a single mom and her two kids arrive in a small town, they begin to discover their connection to the original Ghostbusters and the secret legacy their grandfather left behind. Ghostbusters: Afterlife
61%
A Colombian teenage girl has to face the frustration of being the only member of her family without magical powers. Encanto
57%
A bank teller discovers that he's actually an NPC inside a brutal, open world video game. Free Guy
57%
Based on Disneyland's theme park ride where a small riverboat takes a group of travelers through a jungle filled with dangerous animals and reptiles but with a supernatural element. Jungle Cruise
57%
A young boy and his working-class Belfast family experience the tumultuous late 1960s. Belfast
52%
Film adaptation of the Tony and Grammy Award-winning musical about Evan Hansen, a high school senior with Social Anxiety disorder and his journey of self-discovery and acceptance following the suicide of a fellow classmate. Dear Evan Hansen
52%
When Patrizia Reggiani, an outsider from humble beginnings, marries into the Gucci family, her unbridled ambition begins to unravel their legacy and triggers a reckless spiral of betrayal, decadence, revenge, and ultimately...murder. House of Gucci
52%
Buster Moon and his friends must persuade reclusive rock star Clay Calloway to join them for the opening of a new show. Sing 2
52%
A look at how tennis superstars Venus and Serena Williams became who they are after the coaching from their father Richard Williams. King Richard
48%
On the Italian Riviera, an unlikely but strong friendship grows between a human being and a sea monster disguised as a human. Luca
48%
In a realm known as Kumandra, a re-imagined Earth inhabited by an ancient civilization, a warrior named Raya is determined to find the last dragon. Raya and the Last Dragon
48%
In the early years of the 20th century, the Kingsman agency is formed to stand against a cabal plotting a war to wipe out millions. The King's Man
48%
A noble family becomes embroiled in a war for control over the galaxy's most valuable asset while its heir becomes troubled by visions of a dark future. Dune
35%
Dom and the crew must take on an international terrorist who turns out to be Dom and Mia's estranged brother. F9
35%
A film version of the Broadway musical in which Usnavi, a sympathetic New York bodega owner, saves every penny every day as he imagines and sings about a better life. In the Heights
35%
MMA fighter Cole Young seeks out Earth's greatest champions in order to stand against the enemies of Outworld in a high stakes battle for the universe. Mortal Kombat
17%
All the rules are broken as a sect of lawless marauders decides that the annual Purge does not stop at daybreak and instead should never end. The Forever Purge
17%
No matching quizzes found
Score Distribution
Percent of People with Each Score
Percentile by Number Answered
Your Score History
You have not taken this quiz